| 000 | 01008nam a22002537a 4500 | ||
|---|---|---|---|
| 005 | 20170124102947.0 | ||
| 010 | _aA-956772 | ||
| 020 |
_c175.00 _a8171500102 |
||
| 035 | _aA-956772 | ||
| 037 | _bCen Lib/Ret | ||
| 040 |
_aDPL _bHN |
||
| 082 |
_a821 _bसदीके |
||
| 245 |
_aसदी के आखिरी दौर में / _cसंपादक प्रकाश मनु |
||
| 246 |
_aSadee ke aakhiri daur mein / _bedited by Prakash Manu |
||
| 260 |
_aदिल्ली _bइन्द्रप्रस्थ प्रकाशन _c1998 |
||
| 270 |
_aके-71, कृषनगर _bदिल्ली _e110051 |
||
| 300 |
_a195पृ. _c21सेमी (सजिल्द) |
||
| 650 |
_aहिंदी साहित्य _950273 |
||
| 650 |
_aहिंदी--काव्य _950274 |
||
| 650 |
_aHindi literature _950275 |
||
| 650 |
_aHindi--Poetry _950276 |
||
| 700 |
_aमनु, प्रकाश _950277 |
||
| 942 |
_2ddc _cHN _h821 _mसदीके |
||
| 999 |
_c113030 _d113030 |
||